|
|
|
|
| LEADER |
00857nab#a2200313#ar4500 |
| 001 |
000085639 |
| 003 |
SVKKK |
| 005 |
20070927104156.0 |
| 008 |
070507c xo e huno |
| FMT |
|
|
|
| 038 |
|
|
|a SVKKK
|
| 040 |
|
|
|a SVKKK
|b slo
|e AACR2
|
| 041 |
0 |
|
|a hun
|
| 044 |
|
|
|a xo
|c SK
|
| 080 |
|
|
|a 336.72
|2 1997
|
| 242 |
1 |
0 |
|a Medzilaborce-
|
| 245 |
0 |
0 |
|a Mezőlaborcz-
|
| 520 |
2 |
|
|a -snaha o založenie sporiteľne. Za 3 dni predznačili 200 účastín u bohatých obyvateľov regiónu
|
| 650 |
0 |
4 |
|a založenie sporiteľne
|x práce prípravne
|z Madzilaborce (Slovensko)
|y 1902
|
| 773 |
0 |
|
|t Felsőmagyarországi Hirlap : Politikai ujság
|g Roč. 5, č. 83 (15.10.1902), s. 6
|
| 957 |
|
|
|a 705
|
| 958 |
|
|
|a DG
|
| 958 |
|
|
|a HU
|
| 958 |
|
|
|a SK
|
| 974 |
|
|
|a Ba
|
| 992 |
|
|
|a RBX
|
| 997 |
|
|
|d Mezőlaborcz p. Medzilaborce
|
| BAS |
|
|
|
| 998 |
|
|
|a RETRO
|